000 00536nam a2200205Ia 4500
005 20240823031306.0
008 240823s9999||||xx |||||||||||||| ||und||
020 _a978-81-317-2283-1
041 _aENGLISH
082 _A006.7 P9
100 _aPaul J deitel
245 0 _aAjax Rich Internet Applications and web Development for programmers
250 _a1st
260 _c2009
_bPearson Education Internat
500 _aYES
650 _aAjax
_bComputer Science
700 _a Harvey M deitel
942 _cBK
999 _c190721
_d190721